Kritériá rozhodovania a návrh odporúčaní v hypotekárnom obchode

Pod hypotekárnym obchodom sa rozumie poskytovanie hypotekárnych úverov a s tým spojené vydávanie hypotekárnych záložných listov a tiež poskytovanie komunálnych úverov a s tým spojené vydávanie komunálnych obligácií bankou. Úverové rozhodovanie.

Enregistré dans:
Détails bibliographiques
Auteur principal: Vavrová, Katarína, 1960-
Format: Chapitre de livre
Langue:slovaque
Sujets:
Tags: Ajouter un tag
Pas de tags, Soyez le premier à ajouter un tag!

MARC

LEADER 00000naa$a2200000$$$4500
001 0018505
005 20240502071406.5
041 0 |a slo 
044 |a SK 
245 1 0 |a Kritériá rozhodovania a návrh odporúčaní v hypotekárnom obchode  |c Katarína Vavrová 
520 |a Pod hypotekárnym obchodom sa rozumie poskytovanie hypotekárnych úverov a s tým spojené vydávanie hypotekárnych záložných listov a tiež poskytovanie komunálnych úverov a s tým spojené vydávanie komunálnych obligácií bankou. Úverové rozhodovanie. 
610 2 0 |a rozhodovanie 
610 2 0 |a kritériá rozhodovania 
610 2 0 |a rozhodovanie úverové 
610 2 0 |a obchody bankové 
610 2 0 |a úver hypotekárny 
610 2 0 |a listy záložné hypotekárne 
610 2 0 |a bonita 
610 2 0 |a klienti 
100 1 |a Vavrová, Katarína, 1960-